Normal view
MARC view
- Talha Hussain Shah (00000317797)
Entry Personal Name
001 - CONTROL NUMBER
- control field: 116752
003 - CONTROL NUMBER IDENTIFIER
- control field: NUST
005 - DATE AND TIME OF LATEST TRANSACTION
- control field: 20230912170035.0
008 - FIXED-LENGTH DATA ELEMENTS
- fixed length control field: 230912|| aca||aabn | a|a d
040 ## - CATALOGING SOURCE
- Original cataloging agency: NUST
- Transcribing agency: NUST
100 ## - HEADING--PERSONAL NAME
- Personal name: Talha Hussain Shah (00000317797)
670 ## - SOURCE DATA FOUND
- Source citation: Work cat.: (NUST): Talha Hussain Shah (00000317797), Grid-Connected Photovoltaics Electric Vehicles Charging Stations on Existing Service-Areas on Motorway in Pakistan /, 2022
